Plant nematodes of agricultural importance : A color handbook

The book deals with plant nematode pests, focusing on above-ground symptoms, and below-ground causes: It offers knowledge about biology and parasitism, the various types of parasitic nematodes, and the ways in which they attack plants; It also covers grain legumes, vegetables, flowers, cereals, root...

ver descrição completa

Na minha lista:
Detalhes bibliográficos
Autor principal: Bridge, John
Formato: Livro
Idioma:Undetermined
Publicado em: London Manson Pub. 2007
Assuntos:
Tags: Adicionar Tag
Sem tags, seja o primeiro a adicionar uma tag!
Thư viện lưu trữ: Trung tâm Học liệu Trường Đại học Cần Thơ
LEADER 01277nam a2200241Ia 4500
001 CTU_133629
008 210402s9999 xx 000 0 und d
020 |c 1296000 
082 |a 632.6257 
082 |b B851 
100 |a Bridge, John 
245 0 |a Plant nematodes of agricultural importance : 
245 2 |b A color handbook 
245 0 |c John Bridge, James L. Starr 
260 |a London 
260 |b Manson Pub. 
260 |c 2007 
520 |a The book deals with plant nematode pests, focusing on above-ground symptoms, and below-ground causes: It offers knowledge about biology and parasitism, the various types of parasitic nematodes, and the ways in which they attack plants; It also covers grain legumes, vegetables, flowers, cereals, root and tuber crops, tree, plantation and cash crops. For each nematode, concise information is provided on its distribution, symptoms and diagnosis, damage and economic importance, management and identification. Finally, this is the common investigative methods used in nematology. 
526 |a Thâm cứu tuyến trùng nông nghiệp 
526 |b NNB604 
650 |a Plant nematodes,Bệnh tuyến trùng trên cây 
904 |i Nguyên 
980 |a Trung tâm Học liệu Trường Đại học Cần Thơ